000 01179nam a2200469Ia 4500
001 158315
003 252967
005 20241109134357.0
008 170911n ||||||||| 000 0 spa d
041 _aspa
082 _a371.1
100 _aSampedro Marín, Alcides
_9198611
245 0 _aLa práctica pedagógica del docente
_bsu interacción con las TIC y los medios educativos
504 _aBibliografía: páginas 123-132.
562 _e1
650 _aPEDAGOGÍA--ENSEÑANZA
_9193372
650 _aPERSONAL DOCENTE--EVALUACIÓN
_9198612
650 _aPERSONAL DOCENTE--INVESTIGACIONES
_9198613
650 0 _aPlanificación educativa
_932806
650 0 _aTECNOLOGÍAS DE LA INFORMACIÓN Y LA COMUNICACIÓN
_9181631
942 _cBKM
999 _c158315
_d158315
526 _a
526 _a17598
526 _a102617
526 _a102618
526 _a15794
526 _a102619
526 _a1703
526 _a102620
526 _a10406
526 _a105630
526 _a1698
526 _a116204
526 _a51868
526 _a4969
526 _a19790
526 _a104436
526 _a5144
526 _a1697
526 _a3899
526 _a9683